00725nam a2200229Ia 450000100060000000300090000600800410001504000130005604000130006904100130008210000200009510000290011524501030014424500450024725000110029226000120030326000190031526000490033430000550038365000260043865000310046434165IT-RoPAU130308s9999 xx 000 0 und d aIT-RoPAU cIT-RoPAU aITALIANO aClemente Pietro gCodice Aut. SPICS: 7970 aCannocchiale sulle retrovie (Il)-Note su problemi di campo e di metodo di una possibile demologia bCultura Popolare (La)-Questioni Teoriche a1a ed. aBRESCIA bGrafo Edizioni c1980 [1° Ed.:1980 - Ed.Ling.Originale:1980] a"3 p. (prefazione: no ; testo: 3 [pagine: 39-41])" aSAGGI DI ANTROPOLOGIA eCodice materia Spics: 3507